000 00830cam a2200265 a 4500
001 15373932
005 20180222081541.0
008 080721s2009 njua b 001 0 eng
010 _a 2008031127
020 _a9780136055488 (pbk.)
020 _a0136055486 (pbk.)
035 _a(OCoLC)ocn231588868
040 _aDLC
_cDLC
_dYDX
_dBTCTA
_dBAKER
_dYDXCP
_dNLGGC
_dTXA
_dMEAUC
_dDLC
041 _aeng
080 _a330 HEI
082 0 0 _a330 HEI
_222
084 _a83.00
_2bcl
100 1 _a52
101 _aECO
245 1 0 _aTH ECONOMIC PROBLEM
_cROBERT.L.HEILBRONER
504 _aIncludes bibliographical references and index.
906 _a7
_bcbc
_corignew
_d1
_eecip
_f20
_gy-gencatlg
942 _2ddc
_cBK
999 _c43205
_d43205